LEADER 01054nam 2200361 450 001 9910155795603321 005 20221215203652.0 010 $a3-95788-158-7 035 $a(CKB)4340000000019014 035 $a(MiAaPQ)EBC4753335 035 $a(EXLCZ)994340000000019014 100 $a20161214h20162016 uy 0 101 0 $ager 135 $aurcnu|||||||| 181 $2rdacontent 182 $2rdamedia 183 $2rdacarrier 200 00$aMake $especial Internet der Dinge 2017 : So vernetzen Sie Lampen, Sensoren, Displays, Mikrofone und Webcams 210 1$aHannover, [Germany] :$cHeise Medien,$d2016. 210 4$d©2016 215 $a1 online resource (132 pages) $ccolor illustrations, photographs 606 $aMicroprocessors$xProgramming 606 $aMicroelectronics 615 0$aMicroprocessors$xProgramming. 615 0$aMicroelectronics. 676 $a005.26 801 0$bMiAaPQ 801 1$bMiAaPQ 801 2$bMiAaPQ 906 $aBOOK 912 $a9910155795603321 996 $aMake$92420521 997 $aUNINA LEADER 00949nam 2200265 450 001 996640371403316 005 20250127100955.0 100 $a20250127d2023----km y0itay5003 ba 101 0 $aita 102 $aIT 105 $ay 00 y 200 1 $aBiblioteconomia come impegno civile$electio magistralis a conclusione del percorso accademico$e27 ottobre 2023, Palazzo Marucelli Fenzi, Aula Magna$fMauro Guerrini 210 $aFirenze$cUniversitą degli Studi di Firenze, Dipartimento di Storia, Archeologia, Geografia, Arte e Spettacolo$d2023 215 $a26 p.$d24 cm 300 $aEdizione fuori commercio 606 0 $aBiblioteconomia$2BNCF 676 $a025.3 700 1$aGUERRINI,$bMauro <1953- >$05520 801 0$aIT$bcba$gREICAT 912 $a996640371403316 951 $aXIV Misc..1. 66$b288985 L.M.$cXIV Misc..1.$d563689 959 $aBK 969 $aUMA 996 $aBiblioteconomia come impegno civile$94310757 997 $aUNISA